000
00251nam a22001097a 4500
041
_a
ENG
100
_a
Sehrawah
245
_a
Cnc Machines Computer Namenicl Conhol
260
_a
Pune
_b
Dhanpat Rai & CO
_c
1999
650
_a
Computer
856
_u
Computer
999
_c
521
_d
521